Library Banner

Modern advanced accounting (Record no. 2805)

MARC details
000 -LEADER
fixed length control field 00457nam a2200193Ia 4500
001 - CONTROL NUMBER
control field 2495
008 - FIXED-LENGTH DATA ELEMENTS--GENERAL INFORMATION
fixed length control field 140314s9999 xx 000 0 und d
020 ## - INTERNATIONAL STANDARD BOOK NUMBER
International Standard Book Number 0071134417
040 ## - CATALOGING SOURCE
Transcribing agency PK-LaUMT
082 ## - DEWEY DECIMAL CLASSIFICATION NUMBER
Classification number 657.046
Item number LAR-M
100 ## - MAIN ENTRY--PERSONAL NAME
Personal name Larsen, E. John
245 ## - TITLE STATEMENT
Title Modern advanced accounting
Statement of responsibility, etc Larsen, E. John
250 ## - EDITION STATEMENT
Edition statement 6th
260 ## - PUBLICATION, DISTRIBUTION, ETC. (IMPRINT)
Place of publication, distribution, etc New York,USA:
Name of publisher, distributor, etc McGraw-Hill,
Date of publication, distribution, etc 1994
300 ## - PHYSICAL DESCRIPTION
Extent 970 p.
546 ## - LANGUAGE NOTE
Language note EN
650 ## - SUBJECT ADDED ENTRY--TOPICAL TERM
Topical term or geographic name as entry element Accounting
942 ## - ADDED ENTRY ELEMENTS (KOHA)
Koha item type Books
Holdings
Withdrawn status Lost status Damaged status Not for loan Home library Current library Date acquired Total Checkouts Full call number Barcode Date last seen Price effective from Koha item type
        UMT Main Campus UMT Main Campus 2014-03-14   657.046 LAR-M 3709 2014-03-14 2014-03-14 Books